000 00496nam a2200205Ia 4500
003 OSt
005 20220918231440.0
006 a|||||r|||| 00| 0
007 ta
008 220917b |||||||| |||| 00| 0 eng d
024 _a285,146
037 _cTextual
040 _aARTS
_cARTS
_beng
041 _2eng
_aeng
082 _an2,N53, K0(RR)
245 0 _aIndia
_b Reference annual 1960
260 _c1960
942 _hn2,N53, K0(RR)
_cTEXL
_2CC
999 _c291216
_d291216